LEADER 01173nam a2200265 i 4500 001 000000242158 003 CaOOAMICUS 005 20220509084526.0 008 150528s1727 it u000 u fre u 013 $a221063 026 $asen- erns e,te deav (3) 1727 (R) 040 $aSeMil$bita 100 1 $aLa Rue, Charles : de,$d<1643-1725>.$0(OLS)http://semarc/name/11966 245 10$aSermons du père De La Ruë, de la Compagnie de Jésus. Pour l'Avent. 250 $aSeconde edition. 260 $aA Lyon :$bChes les Frères Bruyset, ruë Mercière, au Soleil,$c1727. 300 $a[68], 558, [2] p. ;$c12º. 500 $aFregio xilogr. sul front. 500 $aSegn.: pg2 a12 e12 i8 A-Z12 2A4 650 4$aPrediche, omelie, sermoni - Sec. 18.-19.$0(OLS)http://semarc/subject/5107 850 $aSeMil 852 $aSeMil$W1$xVenegono$y1$m3F I 516 FA$j192504$B192504$CSeMilBibl$Z2$F203317 $8I 996 $6245$aSermons du père De La Ruë, de la Compagnie de Jésus. Pour l'Avent$9(OLS)http://semarc/title/343925 996 $6260$aA Lyon :$bChes les Frères Bruyset, ruë Mercière, au Soleil$9(OLS)http://semarc/publisher/54685 LEADER 01276nam a2200277 i 4500 001 000000106684 003 CaOOAMICUS 005 20031022000000.0 008 031022s1994 it u000 u ita u 013 $a78878 020 $a88-215-2800-6 040 $aSeMil$bita 100 1 $aByrne, Brendan.$0(OLS)http://semarc/name/44874 240 10$aLazarus : a contemporary reading of John 11:1-46.$0(OLS)http://semarc/title/407102 245 10$aLazzaro :$buna lettura di Giovanni, 11,1-46 /$cBrendan Byrne. 260 $aCinisello Balsamo :$bSan Paolo,$c1994. 300 $a108 p., [1] c. di tav. :$bill. ;$c22 cm. 490 0 $aFame e sete della Parola ;$v16 650 4$aBibbia. Nuovo Testamento. Vangelo secondo Giovanni - Commentari, studi, critica, interpretazioni.$0(OLS)http://semarc/subject/119 830 0$aFame e sete della Parola ;$v16.$0(OLS)http://semarc/title/6402 850 $aSeMil 852 $aSeMil$W1$xVenegono$y1$m2Z II 296$j62799$B62799$CSeMilBibl$Z2$F76744 $81 961 $aAcquisto: San Paolo (Agente) 996 $6020$a88-215-2800-6$9(OLS)http://semarc/number/87462 996 $6245$aLazzaro :$buna lettura di Giovanni, 11,1-46$9(OLS)http://semarc/title/154764 996 $6260$aCinisello Balsamo :$bSan Paolo$9(OLS)http://semarc/publisher/30129